00676cam a2200181u 45000010008000000030009000080050017000170080041000340100017000750400029000920500015001210820014001361000045001502450207001952600042004023000031004446510019004759140061BDDh-ASL20231015030026.0821002s1866 enk 000 0 eng  a 05012110  aDLCcCarPdDLCdBDDh-ASL00aDS298b.W3 a955bWAH 1 aWatson, Robert Grant. [from old catalog]02aA history of Persia from the beginning of the nineteenth century to the year 1858 :bwith a review of the principal events that led to the establishment of the Kajar dynasty / cby Robert Grant Watson.  aLondon:bSmith, Elder and co.,c1866. axii, 465, [1] p. :c23 cm. 0aIranxHistory.